000 00956nas a2200301 4500
001 BR2020000123
003 BR-BrBNA
005 20231205132036.0
007 ta
008 230509b bl.|||p| |||| 00| 00por d
040 _aBR-BrBNA
_bpor
_cBiblioteca Nacional de Agricultura
041 _a(En)
072 _aF01
100 1 _aCocco, C.
100 1 _aGonçalves, M.A.
100 1 _aReisser Junior, C.
100 1 _aMarafon, A.C.
100 1 _aAntunes, L.E.C.
245 1 _aCarbohydrate content and development of strawberry transplants from Rio Grande do Sul and imported
650 _aMORANGO
650 _aMUDA
650 _aPRODUÇÃO VEGETAL
650 _aCARBOIDRATO
773 0 _tRevista Brasileira de Fruticultura (Brazil)
_xISSN 1806-9967
_g(2016), v. 38(4) p. 1-8
_wBR2020000123
856 4 0 _uhttp://www.scielo.br/pdf/rbf/v38n4/0100-2945-rbf-38-4-e-581.pdf
909 _a202311
_bLúcia
_c55
_dLúcia Elande
942 _2AGRIS
_n0
_cANA
999 _c258139
_d258139